000 00377nam a2200157Ia 4500
008 221030s9999 xx 000 0 und d
020 _a0070635463
041 _aEnglish
100 _aS. Das
245 0 _aUNIX : Concepts & Applications
_cby S. Das
250 _a4th
260 _bMcGraw - Hill Pub.
_aNew Delhi
_c2015
300 _a667
650 _aComputers
942 _cBK
999 _c16815
_d16815